000 00543nam a22001937a 4500
005 20240823115911.0
010 _aENG-141416
020 _a9788126435456
_c195.00
035 _aEN-124948
037 _bDBAD
082 _aN
245 _aSethu Pandavapuram/
_cTranslated By Prema Jayakumar
250 _afirst
260 _aKerala
_bD C Books
_c2012
270 _aKottayam,
_bKerala
_e686001
_mcustomercare@dcbooks.com
300 _a168 p.
_c21cm (pb)
700 _970456
_aJayakumar, Prerna
_eTranslator
942 _2ddc
_cEN
_hN
_eFIRST
_mSET
999 _c205240
_d205240